[Event "Mechanics' Fall TNM; 30/90, SD/30"]
[Site "San Francisco"]
[Date "2009.11.17"]
[Round "5.17"]
[White "Campers, Willie"]
[Black "Morgan, Jerry"]
[Result "1-0"]
[WhiteElo "1742"]
[BlackElo "1481"]
[PlyCount "143"]
[EventDate "2009.??.??"]

1. e4 c6 2. d4 d5 3. e5 c5 4. c3 Nc6 5. Nf3 Bg4 6. Qb3 Na5 7. Qb5+ Bd7 8. Qd3
Bg4 9. Bg5 Qc7 10. Nbd2 e6 11. Be2 Ne7 12. h3 Bf5 13. Qe3 Bg6 14. g4 cxd4 15.
cxd4 Qb6 16. b3 Nec6 17. O-O Nb4 18. Qf4 Nac6 19. a4 a6 20. Rfd1 Nc2 21. Rac1
N6xd4 22. Bf1 Ba3 23. Rb1 Bb4 24. Nh4 Rc8 25. Nxg6 hxg6 26. h4 Rc3 27. Qh2 Nc6
28. Bg2 N6d4 29. Kf1 Qc7 30. Qf4 Be7 31. Nf3 Nxf3 32. Bxf3 Bxg5 33. hxg5 Rh3
34. Bg2 Rh4 35. Kg1 Qc5 36. Rd2 Qb4 37. Qxb4 Nxb4 38. f3 Kd7 39. Kf2 Nc6 40.
Kg3 Rh8 41. Kf4 a5 42. Rbb2 Nb4 43. Bf1 Rhc8 44. Bb5+ Ke7 45. Rh2 Nd3+ 46. Bxd3
Rxd3 47. b4 Rc4+ 48. Kg3 axb4 49. Rh7 b3 50. Rh8 Rc2 51. Rb1 Rcc3 52. Rb8 Rxf3+
53. Kg2 Rf4 54. Rxb7+ Kd8 55. a5 Rxg4+ 56. Kf2 Rf4+ 57. Kg2 Rd4 58. a6 Rd2+ 59.
Kf1 Rh3 60. Ke1 Rc2 61. Rxf7 Rh1+ 62. Rf1 Rxf1+ 63. Kxf1 b2 64. a7 Rc1+ 65. Ke2
Rc8 66. Rxb2 Ra8 67. Rb8+ Kc7 68. Rxa8 Kb7 69. Rg8 Kxa7 70. Rxg7+ Kb6 71. Kd3
Kc6 72. Rxg6 1-0

[Event "Mechanics' Spring TNM; 30/90, SD/30"]
[Site "San Francisco"]
[Date "2009.05.05"]
[Round "8.20"]
[White "Campers, Willie"]
[Black "Rettenmaier, Robert"]
[Result "1-0"]
[WhiteElo "1777"]
[BlackElo "1462"]
[PlyCount "73"]
[EventDate "2009.??.??"]

1. e4 c5 2. Nf3 g6 3. d4 cxd4 4. Nxd4 Nc6 5. Be3 Nf6 6. f3 Bg7 7. Nc3 O-O 8.
Qd2 d5 9. Nxc6 bxc6 10. O-O-O e6 11. Bg5 Qb6 12. e5 Nd7 13. Be3 Qb7 14. f4 Rb8
15. b3 c5 16. Bf2 c4 17. h4 Bh6 18. h5 Bg7 19. hxg6 fxg6 20. Be2 Nxe5 21. Bd4
cxb3 22. cxb3 Nc6 23. Bxg7 Qxg7 24. Kb1 Ne7 25. g4 Rb4 26. f5 exf5 27. Nxd5
Nxd5 28. Qxd5+ Kh8 29. Qc5 Rb7 30. Bc4 fxg4 31. Rxh7+ Kxh7 32. Rh1+ Qh6 33.
Rxh6+ Kxh6 34. Qxf8+ Kh5 35. Qxc8 Rh7 36. Bd3 g3 37. Qh3+ 1-0

[Event "Mechanics' Winter TNM; 30/90, SD/30"]
[Site "San Francisco"]
[Date "2009.02.17"]
[Round "7.15"]
[White "Campers, Willie"]
[Black "Shnaiderman, Lazar"]
[Result "1-0"]
[WhiteElo "1709"]
[BlackElo "1849"]
[PlyCount "49"]
[EventDate "2009.??.??"]

1. e4 c5 2. Nf3 d6 3. d4 cxd4 4. Nxd4 Nf6 5. Nc3 Nc6 6. Be2 e5 7. Ndb5 a6 8.
Na3 b5 9. Nd5 Nxe4 10. Bf3 f5 11. Be3 Rb8 12. O-O Be7 13. c4 Be6 14. cxb5 axb5
15. Rc1 Bxd5 16. Qxd5 Nd4 17. Bxd4 exd4 18. Bxe4 fxe4 19. Nxb5 Qb6 20. Nc7+ Kd8
21. b3 Rc8 22. Ne6+ Kd7 23. Nxd4 Rxc1 24. Rxc1 Bf6 25. Qe6+ 1-0

[Event "Mechanics' Wilkerson Mem TNM; 30/90, SD"]
[Site "San Francisco"]
[Date "2009.09.01"]
[Round "5.15"]
[White "Campers, Willie"]
[Black "Somerville, Kenneth"]
[Result "0-1"]
[WhiteElo "1771"]
[BlackElo "1551"]
[PlyCount "60"]
[EventDate "2009.??.??"]

1. e4 e6 2. d4 d5 3. Nc3 Nf6 4. Bg5 Be7 5. h4 Nxe4 6. Nxe4 dxe4 7. Bc4 Bxg5 8.
hxg5 Qxg5 9. Rh2 Nc6 10. Nh3 Qe7 11. c3 Bd7 12. Qe2 O-O-O 13. Qxe4 f5 14. Qe3
e5 15. d5 f4 16. Qe2 Na5 17. Bd3 Bxh3 18. Rxh3 Rxd5 19. Be4 Rd6 20. c4 Rd4 21.
Rc3 Qh4 22. Rh3 Qf6 23. b3 Nc6 24. Bxc6 Qxc6 25. Qg4+ Qd7 26. Qe2 Rd8 27. Rxh7
Rd2 28. Qf3 e4 29. Qh5 Qd4 30. Qf5+ Kb8 0-1

[Event "Mechanics' Fall TNM; 30/90, SD/30"]
[Site "San Francisco"]
[Date "2009.12.01"]
[Round "7.14"]
[White "Campers, Willie"]
[Black "Wong, Russell"]
[Result "0-1"]
[WhiteElo "1742"]
[BlackElo "2200"]
[PlyCount "56"]
[EventDate "2009.??.??"]

1. e4 Nf6 2. e5 Nd5 3. d4 d6 4. f4 Bf5 5. Nf3 e6 6. g3 Be7 7. Bg2 Nb4 8. Na3 d5
9. Bd2 c5 10. Bxb4 cxb4 11. Nb1 Nc6 12. b3 Rc8 13. O-O O-O 14. Rf2 g5 15. Nbd2
Qb6 16. Nf1 Nxd4 17. Nxd4 Bc5 18. Rd2 Bxc2 19. Rxc2 Bxd4+ 20. Kh1 Rxc2 21. Qxc2
Bxa1 22. h3 Bc3 23. Nh2 Qe3 24. Nf3 d4 25. Kh2 d3 26. Qb1 Rd8 27. h4 d2 28.
Nxg5 Rd3 0-1

[Event "Mechanics' Wilkerson Mem TNM; 30/90, SD"]
[Site "San Francisco"]
[Date "2009.08.18"]
[Round "3.17"]
[White "Capdeville, Barry"]
[Black "Campers, Willie"]
[Result "0-1"]
[WhiteElo "1138"]
[BlackElo "1771"]
[PlyCount "74"]
[EventDate "2009.??.??"]

1. e4 e6 2. d4 d5 3. Nd2 Be7 4. e5 Nh6 5. Bd3 c5 6. c3 Nc6 7. Ndf3 Nf5 8. Ne2
O-O 9. O-O f6 10. dxc5 fxe5 11. Bc2 Bxc5 12. b4 Bd6 13. Be3 Qc7 14. Bc5 Bxc5
15. bxc5 Na5 16. Qc1 Nc4 17. Bb3 Qxc5 18. Bxc4 dxc4 19. Qc2 Ne7 20. Ng5 Ng6 21.
Ne4 Qc6 22. Rad1 b5 23. Rd6 Qe8 24. Nc5 Qe7 25. Rfd1 Qf6 26. Ne4 Qh4 27. N2g3
Nf4 28. Nc5 Qe7 29. Nge4 Nd5 30. Re1 Rd8 31. Rxd8+ Qxd8 32. Qd1 Qe7 33. Qh5 Bd7
34. Qxe5 Rc8 35. Nxd7 Qxd7 36. Ng5 Re8 37. Qxe6+ Rxe6 0-1

[Event "Mechanics' Winter TNM; 30/90, SD/30"]
[Site "San Francisco"]
[Date "2009.01.13"]
[Round "2.25"]
[White "Capdeville, Barry"]
[Black "Chan, John"]
[Result "0-1"]
[WhiteElo "1253"]
[BlackElo "1563"]
[PlyCount "54"]
[EventDate "2009.??.??"]

1. e4 c5 2. b4 cxb4 3. a3 bxa3 4. Nf3 Nc6 5. Nxa3 e6 6. c3 Nf6 7. Bd3 Bc5 8.
O-O O-O 9. Bc2 d5 10. e5 Ne4 11. d4 Bb6 12. Bf4 Ne7 13. Bd3 Ng6 14. Bd2 Bd7 15.
Qc2 Nxd2 16. Nxd2 a6 17. f4 Rc8 18. Rae1 Bxd4+ 19. Kh1 Rxc3 20. Qb1 Rxa3 21.
Bxg6 fxg6 22. Nb3 Bc3 23. Re3 d4 24. Nxd4 Ra1 25. Nxe6 Bxe6 26. Qxa1 Bxa1 27.
Rxa1 Rxf4 0-1

[Event "Mechanics' Fall TNM; 30/90, SD/30"]
[Site "San Francisco"]
[Date "2009.11.24"]
[Round "6.30"]
[White "Capdeville, Barry"]
[Black "Frank, Robert"]
[Result "1-0"]
[WhiteElo "1131"]
[BlackElo "1239"]
[PlyCount "101"]
[EventDate "2009.??.??"]

1. e4 e5 2. Nf3 Nc6 3. c4 Nf6 4. Nc3 Bc5 5. Be2 Nd4 6. Nxe5 d6 7. Nf3 O-O 8. d3
Bg4 9. Nxd4 Bxd4 10. Bxg4 Bxc3+ 11. bxc3 c5 12. Bf3 Re8 13. O-O Qc7 14. Qc2
Rab8 15. d4 Nd7 16. Bf4 b5 17. Be2 bxc4 18. Bxc4 Nb6 19. Be2 cxd4 20. Qd3 Qxc3
21. Bxd6 Qxd3 22. Bxd3 Rbd8 23. Bc5 Re5 24. Rfc1 g6 25. a4 Nc8 26. Rc4 Nb6 27.
Bxb6 axb6 28. Rb1 Re6 29. Rcb4 Rdd6 30. Rc1 Kg7 31. Rcc4 f5 32. f3 f4 33. Rxd4
Kf6 34. Rxd6 Rxd6 35. Bc2 Rc6 36. Bb3 Rc1+ 37. Kf2 Rc6 38. Ke2 Ke7 39. e5 h6
40. Rxf4 g5 41. Rf7+ Ke8 42. Kd3 Rc8 43. Kd2 Rd8+ 44. Ke2 Rd7 45. e6 Re7 46.
Rxe7+ Kxe7 47. Kd3 h5 48. Kc4 Kxe6 49. Kb5+ Kd6 50. Kxb6 Kd7 51. Be6+ 1-0

[Event "Mechanics' Fall TNM; 30/90, SD/30"]
[Site "San Francisco"]
[Date "2009.11.17"]
[Round "5.28"]
[White "Capdeville, Barry"]
[Black "Krawczyk, Steven"]
[Result "0-1"]
[WhiteElo "1131"]
[BlackElo "981"]
[PlyCount "50"]
[EventDate "2009.??.??"]

1. e4 e5 2. Nf3 Nc6 3. c4 Bc5 4. d3 d6 5. Be2 Nd4 6. Nxd4 Bxd4 7. O-O b6 8. Nd2
Bb7 9. Nf3 Bc5 10. Bg5 Qd7 11. Bh4 Nf6 12. Bg3 O-O-O 13. Nh4 Rdg8 14. Nf5 Kd8
15. Qd2 c6 16. b4 Bd4 17. Nxd4 exd4 18. e5 dxe5 19. Bxe5 Qf5 20. Bxd4 c5 21.
bxc5 bxc5 22. Qa5+ Kc8 23. Bxc5 Ng4 24. Bxg4 Qxg4 25. Bxa7 Qxg2# 0-1

[Event "Mechanics' Winter TNM; 30/90, SD/30"]
[Site "San Francisco"]
[Date "2009.02.03"]
[Round "5.25"]
[White "Capdeville, Barry"]
[Black "Litowsky, Daniel"]
[Result "1-0"]
[WhiteElo "1253"]
[BlackElo "1700"]
[PlyCount "75"]
[EventDate "2009.??.??"]

1. e4 e5 2. Nf3 Nc6 3. Bb5 d6 4. c3 Nf6 5. d3 Be7 6. O-O O-O 7. Re1 Bg4 8. Be3
a6 9. Ba4 h6 10. Nbd2 b5 11. Bc2 Nh7 12. Qc1 Ng5 13. Nxg5 Bxg5 14. f3 Be6 15.
Nf1 Bxe3+ 16. Rxe3 Ne7 17. Ng3 Qd7 18. Nh5 f5 19. exf5 Nxf5 20. Re2 Qf7 21. Ng3
Qg6 22. Qe1 Nxg3 23. hxg3 Qf7 24. d4 Bc4 25. Rf2 exd4 26. cxd4 Rae8 27. Qd2 Re7
28. Rd1 Rfe8 29. Be4 Bxa2 30. d5 Bc4 31. Qc2 Re5 32. Bg6 Re1+ 33. Kh2 Qf6 34.
Bxe8 Rxe8 35. b3 Bxd5 36. Rxd5 c5 37. Rdd2 Re1 38. Rd1 1-0

[Event "Mechanics' Winter TNM; 30/90, SD/30"]
[Site "San Francisco"]
[Date "2009.02.10"]
[Round "6.22"]
[White "Capdeville, Barry"]
[Black "MacIntyre, Brendan"]
[Result "0-1"]
[WhiteElo "1253"]
[BlackElo "1654"]
[PlyCount "52"]
[EventDate "2009.??.??"]

1. e4 c5 2. b4 cxb4 3. a3 bxa3 4. Nxa3 e6 5. d4 d6 6. Nf3 Nf6 7. Bd3 Be7 8. O-O
Nc6 9. c3 b6 10. Re1 Bb7 11. Qc2 h6 12. Bd2 O-O 13. c4 Rc8 14. Rab1 d5 15. exd5
Bxa3 16. dxc6 Bxc6 17. c5 Bxf3 18. gxf3 bxc5 19. Qb3 Bb4 20. Bxb4 cxb4 21. Qxb4
Nd5 22. Qd2 a5 23. Rec1 Rxc1+ 24. Rxc1 a4 25. Bc4 a3 26. Qa2 Qg5+ 0-1

[Event "Mechanics' Summer TNM; 30/90, SD/30"]
[Site "San Francisco"]
[Date "2009.06.02"]
[Round "2.29"]
[White "Capdeville, Barry"]
[Black "MacIntyre, Brendan"]
[Result "0-1"]
[WhiteElo "1194"]
[BlackElo "1689"]
[PlyCount "58"]
[EventDate "2009.??.??"]

1. d4 d5 2. Bf4 Nf6 3. e3 e6 4. Nf3 c5 5. c3 Be7 6. Ne5 O-O 7. Nd2 Nc6 8. Bd3
cxd4 9. exd4 Bd7 10. Ndf3 Rc8 11. g4 Ne4 12. Nxd7 Qxd7 13. Ne5 Nxe5 14. Bxe5 f5
15. Qe2 Bh4 16. Bxe4 fxe4 17. Bg3 Bf6 18. O-O Rce8 19. f4 Bd8 20. h4 Bb6 21.
Rf2 a6 22. b3 Rc8 23. Rc1 Bxd4 24. cxd4 Rxc1+ 25. Kg2 Rfc8 26. Qb2 R8c3 27. Re2
Qc7 28. Qd2 R1c2 29. Qe1 Rxe2+ 0-1

[Event "Mechanics' Spring TNM; 30/90, SD/30"]
[Site "San Francisco"]
[Date "2009.03.31"]
[Round "3.28"]
[White "Capdeville, Barry"]
[Black "Morgan, Jerry"]
[Result "0-1"]
[WhiteElo "1184"]
[BlackElo "1420"]
[PlyCount "66"]
[EventDate "2009.??.??"]

1. d4 f5 2. Nf3 Nf6 3. Bf4 d6 4. Nbd2 g6 5. e3 Bg7 6. Bc4 c6 7. O-O d5 8. Bb3
O-O 9. Re1 Ne4 10. c3 Nd7 11. Ne5 Nxe5 12. dxe5 e6 13. f3 Ng5 14. Bxg5 Qxg5 15.
f4 Qh4 16. Nf3 Qe7 17. Ng5 Bh6 18. Rf1 Bxg5 19. fxg5 Qxg5 20. Rf3 Bd7 21. Qd2
Rf7 22. Raf1 Raf8 23. Rf4 Kg7 24. Bd1 Be8 25. R1f3 Qe7 26. Qf2 Qc5 27. Rg3 Kh8
28. Rxg6 hxg6 29. Rh4+ Rh7 30. Rg4 Rg8 31. Rh4 Rgg7 32. Rxh7+ Rxh7 33. Qg3 Qe7
0-1

[Event "Mechanics' Winter TNM; 30/90, SD/30"]
[Site "San Francisco"]
[Date "2009.02.24"]
[Round "8.27"]
[White "Capdeville, Barry"]
[Black "Nelson, Christopher"]
[Result "0-1"]
[WhiteElo "1253"]
[BlackElo "1407"]
[PlyCount "74"]
[EventDate "2009.??.??"]

1. e4 e5 2. Nf3 Nc6 3. Bb5 Nf6 4. d3 Bc5 5. Bg5 d6 6. O-O O-O 7. c3 a6 8. Ba4
b5 9. Bc2 Bb7 10. Nbd2 Qe7 11. b4 Bb6 12. Nb3 h6 13. d4 hxg5 14. Nxg5 g6 15.
Qd2 Nh7 16. Nh3 Kg7 17. f4 f6 18. Kh1 Rh8 19. Bd1 Nd8 20. d5 c6 21. dxc6 Bxc6
22. Bf3 Nf7 23. Qe2 Rag8 24. Nf2 exf4 25. Nd4 Bd7 26. Rg1 Ne5 27. Nd3 Nxd3 28.
Qxd3 Ng5 29. Rae1 Nf7 30. g4 Ne5 31. Qe2 Rh6 32. Ref1 Rgh8 33. Rg2 Bxd4 34.
cxd4 Nc4 35. Rff2 Ne3 36. Rg1 Kf8 37. Bg2 Rxh2# 0-1

[Event "Mechanics' Summer TNM; 30/90, SD/30"]
[Site "San Francisco"]
[Date "2009.06.16"]
[Round "4.32"]
[White "Capdeville, Barry"]
[Black "Starr, Albert"]
[Result "0-1"]
[WhiteElo "1194"]
[BlackElo "1510"]
[PlyCount "40"]
[EventDate "2009.??.??"]

1. d4 f5 2. Bf4 Nf6 3. e3 d6 4. h3 Be6 5. Nf3 h6 6. Bd3 Nbd7 7. Nh4 g5 8. Nxf5
gxf4 9. exf4 Nb6 10. Qe2 Qd7 11. Ne3 Nbd5 12. Bg6+ Kd8 13. f5 Bg8 14. Nxd5 Bxd5
15. Nc3 Bxg2 16. Rh2 Bd5 17. Nxd5 Nxd5 18. Bf7 Qxf5 19. Be6 Qg5 20. Bxd5 Qxd5
0-1

[Event "Mechanics' Wilkerson Mem TNM; 30/90, SD"]
[Site "San Francisco"]
[Date "2009.09.22"]
[Round "8.23"]
[White "Capdeville, Barry"]
[Black "Starr, Albert"]
[Result "0-1"]
[WhiteElo "1138"]
[BlackElo "1465"]
[PlyCount "78"]
[EventDate "2009.??.??"]

1. e4 e5 2. Nf3 Nf6 3. d4 exd4 4. Nxd4 d6 5. Nc3 Bg4 6. Be2 Qd7 7. Nf3 a6 8.
Bg5 Be7 9. Qd2 Nc6 10. Rd1 O-O 11. O-O Rfe8 12. Rfe1 Bd8 13. Bxf6 Bxf6 14. b3
Bxc3 15. Qxc3 Rxe4 16. Qb2 Rae8 17. Kf1 Bxf3 18. Bxf3 Rxe1+ 19. Rxe1 Rxe1+ 20.
Kxe1 Ne5 21. Bxb7 Qb5 22. Be4 Ng4 23. c4 Qb4+ 24. Kf1 Nxh2+ 25. Kg1 Qe1+ 26.
Kxh2 Qxe4 27. Qa3 Qb7 28. Qa4 Kf8 29. Qd7 Qb8 30. Qc6 Qb6 31. Qa8+ Ke7 32. Qe4+
Kd7 33. Qf5+ Kc6 34. Qxf7 Qd4 35. Qf3+ Kb6 36. Qe3 Qxe3 37. fxe3 Kc5 38. a3 a5
39. Kg3 a4 0-1

[Event "Mechanics' Fall TNM; 30/90, SD/30"]
[Site "San Francisco"]
[Date "2009.10.27"]
[Round "2.28"]
[White "Capdeville, Barry"]
[Black "Woebcke, Carl"]
[Result "0-1"]
[WhiteElo "1131"]
[BlackElo "1649"]
[PlyCount "72"]
[EventDate "2009.??.??"]

1. e4 c5 2. d4 cxd4 3. c3 dxc3 4. Nxc3 Nc6 5. Nf3 g6 6. Bc4 Bg7 7. O-O e6 8.
Bf4 a6 9. Re1 Nge7 10. Bd6 O-O 11. a3 b5 12. Ba2 Bb7 13. Rc1 f6 14. Bg3 f5 15.
Bb1 fxe4 16. Nxe4 Bxb2 17. Rc2 Bxa3 18. Nd6 Bxd6 19. Bxd6 Rf5 20. Rce2 Rd5 21.
Rd2 Rxd2 22. Qxd2 Nf5 23. Bf4 Nce7 24. Qe2 Nd5 25. Be5 Rc8 26. Qd2 Qf8 27. Be4
d6 28. Bxf5 exf5 29. Bg3 Qf6 30. Bh4 Qc3 31. Qe2 Nf4 32. Qd1 Be4 33. Re3 Qc1
34. Re1 Qxd1 35. Rxd1 b4 36. Rxd6 Rc1+ 0-1

[Event "Mechanics' Fall TNM; 30/90, SD/30"]
[Site "San Francisco"]
[Date "2009.11.03"]
[Round "3.18"]
[White "Casey, David"]
[Black "Salvo, Tab"]
[Result "0-1"]
[WhiteElo "1345"]
[BlackElo "1769"]
[PlyCount "104"]
[EventDate "2009.??.??"]

1. d4 d6 2. c4 e5 3. dxe5 dxe5 4. Qxd8+ Kxd8 5. Nf3 f6 6. Be3 c6 7. Nbd2 Be6 8.
g3 h5 9. Bg2 g5 10. h4 g4 11. Nh2 Nd7 12. O-O Nh6 13. Bxh6 Bxh6 14. e3 Kc7 15.
b3 f5 16. Rfe1 e4 17. Rad1 Ne5 18. Nb1 Rhd8 19. Bf1 Bg7 20. Be2 Bf6 21. Rxd8
Rxd8 22. Rd1 Nd3 23. Na3 Nb4 24. Nf1 Nxa2 25. Rxd8 Bxd8 26. Nd2 Nc3 27. Kf1 a6
28. Nc2 c5 29. Ke1 Kc6 30. Nf1 Ba5 31. Kd2 Nxe2+ 32. Kxe2 b5 33. Nd2 Bxd2 34.
Kxd2 bxc4 35. bxc4 Bxc4 36. Kc3 Be6 37. Na3 Kb6 38. Kb2 c4 39. Nc2 Kc5 40. Kc3
a5 41. Na3 Bd5 42. Nc2 Bc6 43. Nd4 Bd7 44. Nc2 Kd5 45. Na3 Kc5 46. Nxc4 Kb5 47.
Nxa5 Kxa5 48. Kd2 Kb4 49. Ke2 Kc3 50. Ke1 Bb5 51. f3 gxf3 52. Kf2 Kd2 0-1

[Event "Mechanics' Fall TNM; 30/90, SD/30"]
[Site "San Francisco"]
[Date "2009.11.24"]
[Round "6.20"]
[White "Chamberlain, Ethan"]
[Black "Chen, Max"]
[Result "0-1"]
[WhiteElo "1360"]
[BlackElo "1726"]
[PlyCount "56"]
[EventDate "2009.??.??"]

1. b4 Nf6 2. Bb2 g6 3. Nf3 Bg7 4. e3 O-O 5. c4 d6 6. d4 c6 7. Be2 Nbd7 8. O-O
c5 9. bxc5 dxc5 10. Nbd2 b6 11. Qc2 Bb7 12. Rfd1 Qc7 13. Ng5 h6 14. Nge4 Rfd8
15. a4 Qc6 16. Bf3 Nxe4 17. d5 Qc7 18. Bxg7 Nxd2 19. Bxh6 Nxf3+ 20. gxf3 Qe5
21. Kh1 e6 22. Rg1 Qh5 23. Bf4 Qxf3+ 24. Rg2 Nf6 25. h3 exd5 26. Kh2 d4 27.
Rxg6+ Kf8 28. Qf5 Qxf2+ 0-1

[Event "Mechanics' Fall TNM; 30/90, SD/30"]
[Site "San Francisco"]
[Date "2009.10.27"]
[Round "2.10"]
[White "Chamberlain, Ethan"]
[Black "Gaffagan, Steven"]
[Result "0-1"]
[WhiteElo "1360"]
[BlackElo "2015"]
[PlyCount "106"]
[EventDate "2009.??.??"]

1. b4 c6 2. e3 e5 3. Bb2 d6 4. c4 Nf6 5. Nc3 Be7 6. Nf3 O-O 7. d4 e4 8. Nd2 d5
9. b5 Re8 10. Be2 Nbd7 11. Qb3 Nf8 12. a4 Be6 13. a5 a6 14. b6 Rc8 15. c5 Qd7
16. h3 Ng6 17. O-O-O Rf8 18. Rdg1 Ne8 19. Qd1 f5 20. g3 Nf6 21. Bf1 Rf7 22. Ne2
Nf8 23. h4 Ng4 24. Rg2 h5 25. Nf4 g6 26. Be2 Bf6 27. Nf1 Bg7 28. Kb1 Bh6 29.
Bc1 Rg7 30. Nh2 Nh7 31. f3 Nxh2 32. Rgxh2 exf3 33. Bxf3 Nf6 34. Rf2 Bxf4 35.
gxf4 Ng4 36. Rb2 Qe7 37. Qe1 Re8 38. Rh3 Bc8 39. Rb3 Qf6 40. Ka2 Qxd4 41. Qc3
Qxc3 42. Rxc3 Rge7 43. Bxg4 fxg4 44. Rg3 Re4 45. Kb3 Be6 46. Kb2 Bf5 47. Rd3
Rc4 48. Rc3 Ree4 49. Bd2 Ra4 50. Ra3 Rxa3 51. Kxa3 Rc4 52. Bb4 Rc2 53. Kb3 Rh2
0-1

[Event "Mechanics' Fall TNM; 30/90, SD/30"]
[Site "San Francisco"]
[Date "2009.12.01"]
[Round "7.25"]
[White "Chamberlain, Ethan"]
[Black "Mar, Henry"]
[Result "1-0"]
[WhiteElo "1360"]
[BlackElo "1500"]
[PlyCount "69"]
[EventDate "2009.??.??"]

1. b4 a6 2. Bb2 b5 3. Nf3 Bb7 4. e3 e6 5. a4 c6 6. Be2 Nf6 7. Bxf6 Qxf6 8. c3
Bxb4 9. O-O Bd6 10. d4 O-O 11. Nbd2 Bc7 12. Ne4 Qe7 13. c4 bxc4 14. Rb1 Ra7 15.
Nc5 Bc8 16. Bxc4 d6 17. Nd3 a5 18. Qc2 Bb7 19. Rfe1 Qd7 20. e4 Ba6 21. Ba2 Bxd3
22. Qxd3 Na6 23. Ng5 Nb4 24. Qh3 h6 25. Rxb4 hxg5 26. Rb3 Qe7 27. Qh5 f6 28.
Rh3 d5 29. exd5 Qb4 30. Qh7+ Kf7 31. dxe6+ Ke8 32. Qg6+ Kd8 33. e7+ Kd7 34.
Qf5+ Ke8 35. Qc8+ 1-0

[Event "Mechanics' Fall TNM; 30/90, SD/30"]
[Site "San Francisco"]
[Date "2009.12.15"]
[Round "9.24"]
[White "Chamberlain, Ethan"]
[Black "Olson, David"]
[Result "0-1"]
[WhiteElo "1360"]
[BlackElo "1641"]
[PlyCount "78"]
[EventDate "2009.??.??"]

1. b4 e5 2. Bb2 Nc6 3. b5 Nd4 4. e3 Ne6 5. Bxe5 Nf6 6. Nf3 Bc5 7. Be2 O-O 8. c4
d5 9. cxd5 Nxd5 10. O-O b6 11. Qb3 Bb7 12. Nc3 Ne7 13. d4 Bd6 14. Rfd1 Ng6 15.
Bxd6 Qxd6 16. Nd2 Kh8 17. Bf3 Bxf3 18. Nxf3 f5 19. Rac1 f4 20. e4 c5 21. d5 Nc7
22. Re1 Rae8 23. Nb1 Qd7 24. a4 Ne5 25. Nbd2 Rf6 26. Nxe5 Rxe5 27. Nc4 Rg5 28.
Rcd1 f3 29. g3 Qh3 30. Qxf3 Rxf3 31. d6 Rh5 32. Rd2 Ne6 33. d7 Qxh2+ 34. Kf1
Nd8 35. e5 Qxg3 36. e6 Rh1+ 37. Ke2 Qxf2+ 38. Kd1 Rxe1+ 39. Kc2 Qh4 0-1

[Event "Mechanics' Fall TNM; 30/90, SD/30"]
[Site "San Francisco"]
[Date "2009.11.10"]
[Round "4.25"]
[White "Chamberlain, Ethan"]
[Black "Yamamoto, Craig"]
[Result "1-0"]
[WhiteElo "1360"]
[BlackElo "1651"]
[PlyCount "44"]
[EventDate "2009.??.??"]

1. b4 b6 2. Bb2 Bb7 3. Nf3 d5 4. e3 e6 5. Be2 Nf6 6. b5 a6 7. a4 Be7 8. O-O O-O
9. Ne5 Nfd7 10. f4 g6 11. Ng4 Nf6 12. Ne5 Nfd7 13. Nf3 Bf6 14. Bxf6 Qxf6 15. d4
Qe7 16. Nbd2 Nf6 17. Qe1 Ne4 18. Nxe4 dxe4 19. Ne5 Nd7 20. Ng4 f5 21. Nf2 Nf6
22. c4 a5 {Craig thought he was much worse but Rybka says the position is even.
} 1-0

[Event "Mechanics' Wilkerson Mem TNM; 30/90, SD"]
[Site "San Francisco"]
[Date "2009.08.25"]
[Round "4.13"]
[White "Chan, John"]
[Black "Anderson, Michael"]
[Result "0-1"]
[WhiteElo "1697"]
[BlackElo "1924"]
[PlyCount "96"]
[EventDate "2009.??.??"]

1. c4 e5 2. Nc3 Nc6 3. e3 Nf6 4. d4 Bb4 5. d5 Ne7 6. Bd2 O-O 7. a3 Bxc3 8. Bxc3
d6 9. Be2 Ne4 10. Nf3 Nxc3 11. bxc3 f5 12. O-O Ng6 13. Kh1 b6 14. Ra2 a5 15. a4
Ba6 16. Rg1 Nh4 17. Bf1 Qf6 18. Rc2 Rae8 19. Qe1 Bc8 20. Rc1 Bd7 21. Ra1 Qh6
22. Ra2 Ng6 23. Be2 e4 24. Nd4 f4 25. Bf1 f3 26. gxf3 exf3 27. Qd1 Ne5 28. Ne6
Bxe6 29. dxe6 Rf5 30. Rg3 Rh5 31. h3 Qxe6 32. Qd4 Rf8 33. Rd2 Ng6 34. Kh2 Rh4
35. Qd3 Ne5 36. Qd5 Qxd5 37. Rxd5 Nxc4 38. Rdg5 g6 39. Bd3 Ne5 40. Bc2 Kg7 41.
Rg1 Rc4 42. Bd1 Rxc3 43. h4 h6 44. R5g3 h5 45. Kh3 Rc1 46. Rg5 Ng4 47. Kg3 Nxe3
48. fxe3 f2 0-1

[Event "Mechanics' Winter TNM; 30/90, SD/30"]
[Site "San Francisco"]
[Date "2009.01.20"]
[Round "3.15"]
[White "Chan, John"]
[Black "Farzaneh-Far, Ramin"]
[Result "0-1"]
[WhiteElo "1563"]
[BlackElo "1856"]
[PlyCount "88"]
[EventDate "2009.??.??"]

1. c4 e6 2. Nf3 d5 3. e3 Nf6 4. Nc3 c5 5. d4 Nc6 6. cxd5 exd5 7. Bb5 a6 8.
Bxc6+ bxc6 9. Ne5 Qc7 10. O-O Bd6 11. f4 O-O 12. b3 cxd4 13. exd4 c5 14. Be3
Bb7 15. Rc1 Qa5 16. Na4 cxd4 17. Bxd4 Rac8 18. Qe2 Rxc1 19. Rxc1 Qb4 20. Qd1
Ne4 21. Be3 Re8 22. Nd3 Qa5 23. Bd4 Bf8 24. Rc2 Nd6 25. h3 Nf5 26. Bb6 Qb5 27.
Kh2 d4 28. Rf2 Ne3 29. Qd2 Qd5 30. Ne5 Rxe5 31. Bxd4 Nf1+ 32. Rxf1 Re4 33. Rf2
Rxd4 34. Qc2 Qd6 35. Qc1 g6 36. Nc3 Bh6 37. Ne2 Re4 38. g3 Bg7 39. Qc2 Qd5 40.
Rf1 Qb5 41. Re1 Qb6 42. Rf1 Qe3 43. Ng1 Rd4 44. Rf2 Rd3 0-1

[Event "Mechanics' Wilkerson Mem TNM; 30/90, SD"]
[Site "San Francisco"]
[Date "2009.08.04"]
[Round "2"]
[White "Chan, John"]
[Black "Gaffagan, Steven"]
[Result "0-1"]
[WhiteElo "1697"]
[BlackElo "2026"]
[PlyCount "104"]
[EventDate "2009.??.??"]

1. c4 g6 2. Nc3 Bg7 3. d4 Nf6 4. e4 d6 5. Nf3 O-O 6. Be2 e5 7. d5 a5 8. O-O Na6
9. Be3 Nh5 10. Qd2 Nc5 11. Bxc5 dxc5 12. a4 Nf4 13. Kh1 Ra6 14. Bd1 f5 15. Ra3
g5 16. g3 Nh3 17. Ng1 Rh6 18. Nxh3 Rxh3 19. Bf3 f4 20. Bg2 Rh5 21. Qd1 g4 22.
Kg1 f3 23. Bh1 Rh3 24. Nb5 Qg5 25. Bxf3 Rxf3 26. Kg2 Qh5 27. Rh1 Rxa3 28. bxa3
Qf7 29. Qd3 Rh6 30. Rb1 Rf6 31. Qe2 b6 32. Rb3 Rf3 33. Rb1 Bf8 34. Rd1 h5 35.
Rf1 Rb3 36. Rd1 Qf3+ 37. Qxf3 gxf3+ 38. Kg1 Bd6 39. h4 Bd7 40. Kh2 Bxb5 41.
axb5 Rxa3 42. g4 hxg4 43. Kg3 Rc3 44. Kxg4 Rxc4 45. Kf5 Kf7 46. Rg1 Rc2 47. Rf1
c4 48. h5 Kg7 49. Kg5 Bc5 50. h6+ Kh7 51. Kf5 Rxf2 52. Rc1 Rg2 0-1

[Event "Mechanics' Summer TNM; 30/90, SD/30"]
[Site "San Francisco"]
[Date "2009.05.26"]
[Round "1.12"]
[White "Chan, John"]
[Black "Grey, Peter"]
[Result "0-1"]
[WhiteElo "1622"]
[BlackElo "2000"]
[PlyCount "72"]
[EventDate "2009.??.??"]

1. c4 Nf6 2. Nc3 c5 3. Nf3 d5 4. cxd5 Nxd5 5. e3 Nc6 6. a3 Nxc3 7. bxc3 g6 8.
Bc4 Bg7 9. O-O O-O 10. d4 Qc7 11. Bb2 Bg4 12. Ba2 e5 13. d5 e4 14. dxc6 exf3
15. gxf3 Bh3 16. Re1 Qxc6 17. e4 Rad8 18. Qe2 Bh6 19. Bd5 Qf6 20. Kh1 Qh4 21.
Bc1 Bg7 22. Qe3 Qf6 23. Bd2 Rfe8 24. Qd3 c4 25. Qe2 Rxd5 26. Be3 Rd3 27. Rad1
Red8 28. Bd4 Qxf3+ 29. Qxf3 Rxf3 30. e5 Rd3 31. Rb1 Be6 32. Kg1 Bd5 33. a4 Bh6
34. Bxa7 Rxc3 35. a5 Bf3 36. Bd4 Rxd4 0-1

[Event "Mechanics' Spring TNM; 30/90, SD/30"]
[Site "San Francisco"]
[Date "2009.04.21"]
[Round "6.26"]
[White "Chan, John"]
[Black "Hilliard, Michael"]
[Result "1-0"]
[WhiteElo "1511"]
[BlackElo "1402"]
[PlyCount "63"]
[EventDate "2009.??.??"]

1. c4 e6 2. Nc3 d5 3. cxd5 exd5 4. d4 Nf6 5. Nf3 c5 6. dxc5 Bxc5 7. e3 O-O 8.
Bd3 Re8 9. O-O Nc6 10. Na4 b6 11. a3 a5 12. b3 d4 13. Nxc5 bxc5 14. exd4 cxd4
15. Bb2 Re6 16. Rc1 Rd6 17. Re1 Ba6 18. Bxa6 Rxa6 19. Qd3 Ra7 20. h3 Rad7 21.
Rc5 Ne8 22. Bc1 h6 23. Bf4 Rd5 24. Rxc6 Nc7 25. Rec1 Ne6 26. Bg3 Qe7 27. Ne5
Rb7 28. Rc8+ Nf8 29. Qe4 Rbb5 30. R1c7 Qe6 31. Ra8 f6 32. Qg6 1-0